000 00802nam a22002297a 4500
003 BUBTL
008 160209b xxu||||| |||| 00| 0 eng d
020 _a8121924405
082 _a621.3/ T3434t/ 2005
100 _9344
_aTheraja, B.L.
245 _aA Text Book Of Electrical Technology (Vol-I) :
_bBasic Electrical Engineering /
_cB.L. Theraja, A.K. Theraja
250 _a23rd Edn.
260 _aNew Delhi:
_bS. Chand & Company,
_cc2005
300 _axiv,864 p. :
_bill. ;
_c24 cm.
500 _aIncludes Index
505 _aA Text Book Of Electrical Technology, Electrical Technology, B.L. Theraja, A.K. Theraja
650 0 _94295
_aElectrical and Electronic Engineering
700 _92417
_aTheraja,A.k.
856 _k0
_l0
_yDownload
942 _2ddc
_cBK
999 _c5156
_d5156